00000000nam##2200000za#4500
0019.583113
003CaOODSP
00520210624192433
007cr |||||||||||
008150406|2009||||xxc|||||o    f|0| 0 eng|d
020 |a978-0-662-06092-5
022 |a1915-8858
040 |aCaOODSP|beng
041 |aeng
041 |afre
043 |an-cn---
0861 |aM116-2/092G03-PDF
1101 |aCanada.|bNatural Resources Canada. |bCentre for Topographic Information.
24510|aLulu Island, British Columbia / |h[electronic resource]|cProduced in partnership with Geo BC.
250 |aEd. 06, version 01
255 |aScale 1:50,000
260 |aOttawa - Ontario : |bNatural Resources Canada. |c2009.
300 |a1p.|bcoloured map
4901 |aCanadian topographic maps|x1915-8858|v92-G/3
500 |aSeries A721. Includes a legend.
590 |a09-47|b2009-11-20
7760#|tLulu Island, Colombie-Britannique : |w(CaOODSP)9.546881
792 |tLulu Island, Colombie-Britannique / |efre|w(CaOODSP)9.583114
830#0|aCanadian topographic maps,|x1915-8858|v92-G/3|w(CaOODSP)9.500293
85640|ahttp://publications.gc.ca|qPDF|s2828 KB|uhttps://publications.gc.ca/collections/collection_2009/nrcan/topo/M116-2-092G03.pdf|y92-G/3